| 000 | 00000nam##2200000za#4500 |
| 001 | 9.639669 |
| 003 | CaOODSP |
| 005 | 20210624222303 |
| 007 | cr ||||||||||| |
| 008 | 150407|1999||||xxc|||||o f|0| 0 fre|d |
| 040 | |aCaOODSP|bfre |
| 043 | |an-cn--- |
| 086 | 1 |aH114-7/2001F-PDF |
| 110 | 1 |aCanada.|bSanté Canada. |bAgence de réglementation de la lutte antiparasitaire. |
| 245 | 10|aAffichage aux aires de recherche : |h[ressource électronique]|binformation à l'intention des titulaires d'homologation fournie par l'Agence de réglementation de la lutte antiparasitaire |
| 246 | 1 |iTitre de renvoi : |aInformation à l’intention des titulaires d’homologation fournie par l’Agence de réglementation de la lutte antiparasitaire |
| 260 | |bSanté Canada. |c1999. |
| 300 | |a2p.|bfigure |
| 590 | |a12-08-Supp|b2012-03-16 |
| 691 | 07|aPesticide|2gcpds |
| 775 | 08|tCooperator information from the Pest Management Regulatory Agency on posting of research areas |w(CaOODSP)9.695538 |
| 776 | 0#|tCooperator information from the Pest Management Regulatory Agency on posting of research areas : |w(CaOODSP)9.663197 |
| 776 | 0#|tAffichage aux aires de recherche : |w(CaOODSP)9.663198 |
| 856 | 40|ahttp://publications.gc.ca|qPDF|s34 Ko|uhttps://publications.gc.ca/collections/Collection/H114-7-2001F.pdf |